Financial management of government housing projects (Record no. 11744)

000 -LEADER
fixed length control field 00274nam a2200109 4500
003 - CONTROL NUMBER IDENTIFIER
control field OSt
005 - DATE AND TIME OF LATEST TRANSACTION
control field 20230718162258.0
008 - FIXED-LENGTH DATA ELEMENTS--GENERAL INFORMATION
fixed length control field 230718b ||||| |||| 00| 0 eng d
245 ## - TITLE STATEMENT
Title Financial management of government housing projects
260 ## - PUBLICATION, DISTRIBUTION, ETC. (IMPRINT)
Name of publisher, distributor, etc United Nations
942 ## - ADDED ENTRY ELEMENTS (KOHA)
Source of classification or shelving scheme
Holdings
Withdrawn status Lost status Source of classification or shelving scheme Damaged status Not for loan Permanent location Current location Date acquired Barcode Date last seen Price effective from Koha item type
          BMS College of Architecture, Design and Planning BMS College of Architecture, Design and Planning 2023-07-18 AR-DB393 2023-07-18 2023-07-18 Donated Book
Copyright © 2025, The Librarian, Library and Information Centre, BMSCA D&P, Bengaluru. All Rights Reserved
web counter

Powered by Koha